000
00279nam a2200121Ia 4500
008
191201s2012 xx 000 0 und d
100
_a
LIPCHUTZ,Seymour
245
0
_a
Data structures
250
_a
Rep
260
_c
2012
_b
TMH
_a
NEW DELHI
300
_a
MISC.
942
_2
ddc
_c
BK
_0
257
999
_c
7794
_d
7794